Click Quiz: All Inhabited Dependent Territories to Countries - Statistics

General Stats
  • This quiz has been taken 269 times
  • The average score is 34 of 40
Answer Stats
Hint Answer % Correct
British Virgin Islands United Kingdom
96%
Gibraltar United Kingdom
96%
Isle of Man United Kingdom
96%
American Samoa United States
96%
Greenland Denmark
95%
Puerto Rico United States
94%
Macao China
93%
French Polynesia France
93%
Guernsey United Kingdom
93%
Jersey United Kingdom
93%
Guam United States
93%
U.S. Virgin Islands United States
93%
Aruba Netherlands
92%
Falkland Islands United Kingdom
91%
Hong Kong China
90%
Saint Pierre and Miquelon France
90%
Bermuda United Kingdom
90%
Curaçao Netherlands
89%
Sint Maarten Netherlands
88%
Saint Barthélemy France
86%
Cayman Islands United Kingdom
86%
Christmas Island Australia
85%
Svalbard Norway
85%
Faroe Islands Denmark
84%
Northern Mariana Islands United States
84%
Turks and Caicos Islands United Kingdom
83%
Pitcairn Islands United Kingdom
81%
New Caledonia France
80%
Saint Helena, Ascension, and Tristan da Cunha United Kingdom
80%
Åland Finland
76%
Anguilla United Kingdom
76%
Niue New Zealand
75%
Cocos (Keeling) Islands Australia
71%
Saint Martin France
71%
Tokelau New Zealand
71%
Akrotiri and Dhekelia United Kingdom
71%
Montserrat United Kingdom
70%
Cook Islands New Zealand
66%
Wallis and Futuna France
59%
Norfolk Island Australia
57%
No matching quizzes found
Score Distribution
Percent of People with Each Score
Percentile by Number Answered
Your Score History
You have not taken this quiz